Songs From The Lightning Thief Musical Soundtrack - Statistics

General Stats
  • This quiz has been taken 26 times
  • The average score is 17 of 19
Answer Stats
Song % Correct
Good Kid
100%
The Campfire Song
100%
The Last Day of Summer
100%
Another Terrible Day
93%
D.O.A.
93%
Prologue / The Day I Got Expelled
93%
The Minotaur / The Weirdest Dream
93%
The Tree on the Hill
93%
Bring on the Monsters
87%
Drive
87%
Killer Quest!
87%
Lost!
87%
My Grand Plan
87%
Put You in Your Place
87%
Son of Poseidon
87%
Strong
87%
The Oracle
87%
Their Sign
80%
The Weirdest Dream (Reprise)
73%
No matching quizzes found
Score Distribution
Percent of People with Each Score
Percentile by Number Answered
Your Score History
You have not taken this quiz